Μάρκετινγκ plan στον τουρισμό : μελέτη περίπτωσης του ξενοδοχείου Μεγάλη Βρετανία, Starwood Ελλάς : [μεταπτυχιακή εργασία]
Αποθηκεύτηκε σε:
| Κύριος συγγραφέας: | |
|---|---|
| Συγγραφή απο Οργανισμό/Αρχή: | |
| Άλλοι συγγραφείς: | |
| Μορφή: | Thesis Βιβλίο |
| Γλώσσα: | Greek |
| Δημοσίευση: |
2012
|
| Θέματα: | |
| Διαθέσιμο Online: | http://hdl.handle.net/11610/11552 |
| Ετικέτες: |
Προσθήκη ετικέτας
Δεν υπάρχουν, Καταχωρήστε ετικέτα πρώτοι!
|
MARC
| LEADER | 00000cam a2200000 i 4500 | ||
|---|---|---|---|
| 001 | 1/36567 | ||
| 008 | 130925s2012 gr gre d | ||
| 035 | |l 10115667 | ||
| 040 | |a GR-MY-UA |b gre |e aacr | ||
| 041 | 0 | |a gre | |
| 082 | 0 | |a 338.4791068 |2 (22) | |
| 100 | 1 | |a Πάστερνακ, Ιάκωβος. | |
| 245 | 1 | 0 | |a Μάρκετινγκ plan στον τουρισμό : |b μελέτη περίπτωσης του ξενοδοχείου Μεγάλη Βρετανία, Starwood Ελλάς : [μεταπτυχιακή εργασία] / |c εισηγητής: Πάστερνακ Ιάκωβος ; επιβλέπουσα καθηγήτρια: Σαλαμούρα Μαρία |
| 260 | |c 2012 | ||
| 300 | |a 113 σ.; |c 30 εκ. | ||
| 502 | # | # | |a Διατριβή (μεταπτυχιακή) – Πανεπιστήμιο Αιγαίου, Χίος, 2012. |
| 504 | |a Περιλαμβάνει βιβλιογραφία | ||
| 650 | 0 | 0 | |a Tourism |x Marketing. |
| 650 | 0 | 0 | |a Marketing |x Planning. |
| 650 | 0 | 0 | |a Tourism |z Greece |z Athens. |
| 650 | 0 | 0 | |a Dissertations, Academic |z Greece. |
| 700 | 1 | |4 ths |a Σαλαμούρα, Μαρία Α. | |
| 710 | 2 | |a Πανεπιστήμιο Αιγαίου |b Σχολή Επιστημών της Διοίκησης |b Τμήμα Διοίκησης Επιχειρήσεων |b Πρόγραμμα Μεταπτυχιακών Σπουδών "Σχεδιασμός, Διοίκηση και Πολιτική του Τουρισμού". | |
| 852 | |a INST |b CHIOS |c DIATR |e 20130925 |h 338.4791068 ΠΑΣ |p 005200033091 |q 005200033091 |t MTXE |y 23 | ||
| 852 | |a INST |b CHIOS |c DIATR |e 20130925 |h 338.4791068 ΠΑΣ |p 005200033092 |q 005200033092 |t MTXE |y 23 | ||
| 856 | |u http://hdl.handle.net/11610/11552 | ||
| 901 | |a BIBL2-2013-3 | ||
| 909 | |a Χ |b 169152 | ||
| 909 | |a Χ |b 169153 | ||
| 924 | |a ΠΑΣΤΕΡΝΑΚ |b ΙΑΚΩΒΟΣ |y ΧΙΟΣ |z 2012-03 | ||
| 970 | |a ΠΑΡΟΙΚΑΚΗ |b ΒΑΣΙΛΙΚΗ |z 2013/09/25 | ||